Theadvisory.co.uk (Record no. 120816)

MARC details
000 -LEADER
fixed length control field 00794cai a22001935a 4500
001 - CONTROL NUMBER
control field L148037
008 - FIXED-LENGTH DATA ELEMENTS--GENERAL INFORMATION
fixed length control field 090715u xxk g 000 0 eng d
035 ## - SYSTEM CONTROL NUMBER
System control number (Sirsi) u148037
041 0# - LANGUAGE CODE
Language code of text/sound track or separate title eng
110 2# - MAIN ENTRY--CORPORATE NAME
Corporate name or jurisdiction name as entry element The advisory.co.uk
9 (RLIN) 5775
245 04 - TITLE STATEMENT
Title Theadvisory.co.uk
Medium [electronic resource]
520 ## - SUMMARY, ETC.
Summary, etc. Section of website links to several property portals. Site provides resources and guidance on buying, selling, letting or renting properties in the United Kingdom and worldwide. Presents property news and experts' advice on a range of property topics.
590 ## - LOCAL NOTE (RLIN)
Local note KA
651 #4 - SUBJECT ADDED ENTRY--GEOGRAPHIC NAME
Geographic name International
690 ## - LOCAL SUBJECT ADDED ENTRY--TOPICAL TERM (OCLC, RLIN)
Topical term or geographic name as entry element PROPERTY-PROPERTY MARKET
700 1# - ADDED ENTRY--PERSONAL NAME
Personal name Brazg, Gavin
856 40 - ELECTRONIC LOCATION AND ACCESS
Uniform Resource Identifier <a href="https://www.theadvisory.co.uk/property-portals.php">https://www.theadvisory.co.uk/property-portals.php</a>
Public note View the website at www.theadvisory.co.uk...
942 ## - ADDED ENTRY ELEMENTS (KOHA)
Suppress in OPAC 0
Holdings
Withdrawn status Lost status Source of classification or shelving scheme Damaged status Not for loan Home library Current library Shelving location Date acquired Total Checkouts Full call number Barcode Date last seen Copy number Price effective from Koha item type
    Dewey Decimal Classification     Virtual Virtual Online 15/07/2009   ONLINE PUBLICATION 148037-2001 06/08/2019 1 06/08/2019 Online material